[Event "Sparkassen-Open A"]
[Site "Heusenstamm, Martinsee"]
[Date "2023.11.26"]
[Round "7.44"]
[White "Lenhard, Martin"]
[Black "Held, Bernhard"]
[Result "1/2-1/2"]
[WhiteElo "2060"]
[BlackElo "1847"]
[PlyCount "66"]
[EventDate "2023.??.??"]
[WhiteTeam "SV 1920 Hofheim"]
[BlackTeam "SK 1908 Göggingen"]

1. e4 c5 2. d4 cxd4 3. c3 dxc3 4. Nxc3 d6 5. Nf3 Nc6 6. Bc4 e6 7. O-O Be7 8. Qe2 a6 9. Rd1 Qc7 10. Be3 b5 11. Bd3 Nf6 12. Rac1 Qb7 13. Nxb5 Bd7 14. Nc3 O-O 15. h3 Nb4 16. Bb1 a5 17. a3 Na6 18. e5 dxe5 19. Nxe5 Be8 20. Nc4 Nc5 21. Nd6 Bxd6 22. Rxd6 Qc7 23. Rcd1 Ncd7 24. a4 Kh8 25. Nb5 Qb7 26. R6d2 Nd5 27. Bd4 N7f6 28. Nd6 Qb4 29. Nxe8 Rfxe8 30. Bxf6 Nxf6 31. Rd4 Qc5 32. Rc4 Qb6 33. Rd3 Rab8 1/2-1/2

[Event "Sparkassen-Open A"]
[Site "Heusenstamm, Martinsee"]
[Date "2023.11.26"]
[Round "7.45"]
[White "Leibbrand, Udo"]
[Black "von Beckh, Frieda"]
[Result "1-0"]
[WhiteElo "2053"]
[BlackElo "1614"]
[PlyCount "53"]
[EventDate "2023.??.??"]
[WhiteTeam "SC Pforzheim 1906"]
[BlackTeam "SK Bad Homburg 1927"]

1. c4 c5 2. Nf3 e6 3. g3 d5 4. cxd5 exd5 5. d4 Nc6 6. Bg2 Nf6 7. O-O Be7 8. b3 Bf5 9. Bb2 O-O 10. dxc5 Bxc5 11. Nd4 Nxd4 12. Bxd4 Bxd4 13. Qxd4 Be4 14. Nc3 Bxg2 15. Kxg2 Qd7 16. Rfd1 Rfd8 17. Rd3 Qe6 18. Rad1 Rd7 19. Qf4 Rad8 20. e3 Qc6 21. Qa4 Qc5 22. Ne2 a6 23. Rc1 Qe7 24. Rd4 Ne4 25. Nc3 Qe6 26. Nxe4 b5 27. Qa5 1-0

[Event "Sparkassen-Open A"]
[Site "Heusenstamm, Martinsee"]
[Date "2023.11.26"]
[Round "7.46"]
[White "Vihan, Shourya"]
[Black "Vangsgaard, Claus"]
[Result "1-0"]
[WhiteElo "2044"]
[BlackElo "1853"]
[PlyCount "45"]
[EventDate "2023.??.??"]
[WhiteTeam "SV 1920 Hofheim"]
[BlackTeam "Vejlby-Risskov SK"]

1. d4 c6 2. c4 d5 3. cxd5 cxd5 4. Nc3 e6 5. Bf4 Bd6 6. Bxd6 Qxd6 7. e3 Bd7 8. Bd3 Nf6 9. f4 Na6 10. Nf3 O-O 11. Ne5 Rfc8 12. Rc1 Rc7 13. O-O Rac8 14. g4 Nb4 15. Bb1 Ne4 16. Nxe4 Rxc1 17. Nxd6 Rxd1 18. Rxd1 Rc7 19. Nxd7 Rxd7 20. Nb5 a6 21. Nc3 h6 22. Rc1 Kf8 23. Na4 1-0

[Event "Sparkassen-Open A"]
[Site "Heusenstamm, Martinsee"]
[Date "2023.11.26"]
[Round "7.47"]
[White "Weil, Michael"]
[Black "Schmidbauer, Frank"]
[Result "0-1"]
[WhiteElo "1882"]
[BlackElo "2042"]
[PlyCount "80"]
[EventDate "2023.??.??"]
[WhiteTeam "SC Steinbach"]
[BlackTeam "SV Wollishofen Zürich"]

1. d4 d6 2. Nf3 g6 3. c3 Bg7 4. h4 Nf6 5. Bg5 Nbd7 6. Nbd2 h6 7. Bxf6 Nxf6 8. e4 O-O 9. Qc2 c5 10. dxc5 dxc5 11. Bc4 e6 12. O-O-O Qc7 13. h5 Nxh5 14. Rxh5 gxh5 15. Rh1 Rd8 16. g3 Bd7 17. Rxh5 b5 18. Be2 a6 19. e5 Be8 20. Rh4 Rd5 21. c4 Rxe5 22. Nxe5 Qxe5 23. Nf3 Qd6 24. Rh1 Bc6 25. Rd1 Qe7 26. Nh4 Qg5+ 27. Qd2 Rd8 28. Qxg5 Rxd1+ 29. Bxd1 hxg5 30. Nf3 g4 31. Ne1 f5 32. cxb5 axb5 33. b3 Bd4 34. Nd3 Be4 35. Kd2 b4 36. f4 gxf3 37. Nf4 e5 38. Nh3 f2 39. Be2 Bg2 40. Bc4+ Kg7 0-1

[Event "Sparkassen-Open A"]
[Site "Heusenstamm, Martinsee"]
[Date "2023.11.26"]
[Round "7.48"]
[White "Berkes, Alexander"]
[Black "Fröhlich-Dill, Astrid"]
[Result "1-0"]
[WhiteElo "1974"]
[BlackElo "1796"]
[PlyCount "73"]
[EventDate "2023.??.??"]
[WhiteTeam "SK Langen"]
[BlackTeam "SV 1920 Hofheim"]

1. e4 e5 2. Nf3 Nc6 3. Nc3 Nf6 4. d4 exd4 5. Nxd4 Bb4 6. Nxc6 Bxc3+ 7. bxc3 bxc6 8. Bd3 d6 9. O-O h6 10. h3 O-O 11. Qf3 Nd7 12. Qg3 Qf6 13. Rb1 Ne5 14. f4 Qg6 15. Qh4 Nxd3 16. f5 Qf6 17. Qxf6 gxf6 18. cxd3 Kh7 19. Rf4 Rh8 20. c4 h5 21. Rb3 c5 22. Bb2 Kg7 23. Rh4 Rh6 24. Kf2 c6 25. g4 hxg4 26. Rxh6 g3+ 27. Kxg3 Kxh6 28. Bxf6 d5 29. Kf4 dxc4 30. dxc4 Ba6 31. Rg3 Bxc4 32. Rg4 Be2 33. Rh4+ Bh5 34. Bg5+ Kg7 35. e5 Rb8 36. Rxh5 Rb4+ 37. Kf3 1-0

[Event "Sparkassen-Open A"]
[Site "Heusenstamm, Martinsee"]
[Date "2023.11.26"]
[Round "7.49"]
[White "Reinecke, Katharina"]
[Black "Baumgartl, Günther"]
[Result "1-0"]
[WhiteElo "1861"]
[BlackElo "2040"]
[PlyCount "80"]
[EventDate "2023.??.??"]
[WhiteTeam "SK Langen"]
[BlackTeam "SC 1952 Obertshausen"]

1. e4 d5 2. d3 e5 3. exd5 Qxd5 4. Nc3 Bb4 5. Bd2 Qe6 6. g3 Bd7 7. Bg2 Bc6 8. Nf3 Ne7 9. O-O Nd7 10. a3 Bd6 11. b4 a6 12. Re1 f6 13. Nd4 Qf7 14. Nxc6 bxc6 15. Ne4 Rd8 16. c4 c5 17. b5 axb5 18. cxb5 Nb6 19. a4 O-O 20. a5 Nbd5 21. Qb3 h6 22. Rec1 Nb4 23. Qxf7+ Kxf7 24. Nxd6+ cxd6 25. Bxb4 cxb4 26. Rcb1 d5 27. Rxb4 Ra8 28. a6 Rfb8 29. b6 Ke6 30. Rb5 Kd6 31. a7 Rb7 32. Rc1 f5 33. Rb2 Nc8 34. Rcb1 Kc6 35. Rb5 e4 36. dxe4 fxe4 37. Bf1 Rxb6 38. Rc1+ Kd6 39. Rxc8 Rxc8 40. Rxb6+ Kc7 1-0

[Event "Sparkassen-Open A"]
[Site "Heusenstamm, Martinsee"]
[Date "2023.11.26"]
[Round "7.50"]
[White "Pfarr, Michael"]
[Black "Stehning, Ralf"]
[Result "0-1"]
[WhiteElo "2039"]
[BlackElo "1824"]
[PlyCount "100"]
[EventDate "2023.??.??"]
[WhiteTeam "SK 1928 Mömbris"]
[BlackTeam "SF Braunfels"]

1. e4 e5 2. Nf3 Nc6 3. Bc4 Nf6 4. d3 Bc5 5. c3 d6 6. a4 a5 7. Bg5 h6 8. Bh4 Ba7 9. Nbd2 Bd7 10. Qb3 Qe7 11. Nf1 g5 12. Bg3 Rf8 13. Ne3 Bxe3 14. fxe3 Ng4 15. Ke2 f5 16. exf5 e4 17. dxe4 Qxe4 18. Rhe1 O-O-O 19. h3 Nge5 20. Bd5 Qd3+ 21. Kf2 Bxf5 22. Bxe5 dxe5 23. e4 Bd7 24. Rad1 Qa6 25. Rd2 h5 26. Be6 Bxe6 27. Qxe6+ Kb8 28. Rxd8+ Rxd8 29. Re2 Qb6+ 30. Kg3 g4 31. hxg4 hxg4 32. Kxg4 Rd6 33. Qc4 Rg6+ 34. Kh3 Nd8 35. g4 Qf6 36. Rf2 Qf4 37. Kg2 Rxg4+ 38. Kf1 Qe3 39. Qd5 Nc6 40. Qd2 Qxe4 41. Qc2 Qc4+ 42. Ke1 e4 43. Nd2 Rg1+ 44. Rf1 Rxf1+ 45. Nxf1 Ne5 46. Nd2 Nd3+ 47. Kd1 Qd5 48. Ke2 Qf5 49. Nxe4 Qxe4+ 50. Kd2 Nc5 0-1

[Event "Sparkassen-Open A"]
[Site "Heusenstamm, Martinsee"]
[Date "2023.11.26"]
[Round "7.51"]
[White "Vranckx, Oscar"]
[Black "Bräutigam, Thomas"]
[Result "1/2-1/2"]
[WhiteElo "1643"]
[BlackElo "1992"]
[PlyCount "97"]
[EventDate "2023.??.??"]
[WhiteTeam "Sfr.Mainz 1928"]
[BlackTeam "SV Würzburg von 1865 e.V."]

1. e4 c5 2. Nf3 e6 3. d4 cxd4 4. Nxd4 Nc6 5. Nc3 Qc7 6. Be2 a6 7. O-O Nf6 8. a3 Be7 9. Be3 O-O 10. f4 d6 11. Qd2 Na5 12. b3 Rd8 13. g4 e5 14. Nf5 Bxf5 15. exf5 d5 16. fxe5 Ne4 17. Nxe4 dxe4 18. Qe1 Qxe5 19. Kh1 Nc6 20. Bc4 b5 21. Bf4 Qc5 22. Be3 Qd6 23. Be2 Bf6 24. Rd1 Qe7 25. Qf2 Rxd1 26. Rxd1 Rd8 27. Rxd8+ Qxd8 28. Qg2 Qe8 29. g5 Bd4 30. Qg3 Qe5 31. Qxe5 Bxe5 32. c4 b4 33. axb4 Nxb4 34. Kg2 a5 35. Bb6 Nc6 36. Bd1 Kf8 37. Bc2 Nd4 38. Bxd4 Bxd4 39. Bxe4 f6 40. gxf6 Bxf6 41. Kf3 Ke7 42. Bc2 Kd6 43. Ke4 Kc5 44. Kd3 h6 45. Bd1 Be5 46. h3 Bf6 47. Bf3 Ba1 48. Bd5 Bf6 49. Be6 1/2-1/2

[Event "Sparkassen-Open A"]
[Site "Heusenstamm, Martinsee"]
[Date "2023.11.26"]
[Round "7.52"]
[White "Li, Yunqi"]
[Black "Meuer, David"]
[Result "0-1"]
[WhiteElo "1576"]
[BlackElo "1988"]
[PlyCount "78"]
[EventDate "2023.??.??"]
[WhiteTeam "SF 59 Kornwestheim"]
[BlackTeam "SV Turm Lahnstein"]

1. d4 e6 2. c4 Nf6 3. Nc3 Bb4 4. Qc2 c5 5. e3 Nc6 6. Nf3 cxd4 7. exd4 d5 8. a3 Be7 9. Be3 O-O 10. Be2 Re8 11. O-O Bf8 12. Rad1 Bd7 13. Bg5 dxc4 14. Bxc4 Be7 15. Ne5 Rc8 16. Ba2 Nxe5 17. dxe5 Nd5 18. Bxe7 Qxe7 19. Bxd5 exd5 20. Qb3 Bc6 21. Rfe1 Rcd8 22. Nb5 Qd7 23. Nd6 Ba4 24. Qg3 Bxd1 25. Rxd1 Re6 26. Nf5 Rg6 27. Qf3 Kf8 28. Ne3 d4 29. Nf5 Qc6 30. Qxc6 Rxc6 31. h3 Rc5 32. Rxd4 Rxd4 33. Nxd4 Rxe5 34. Kf1 Rd5 35. Nf3 Rd1+ 36. Ke2 Rb1 37. b4 Ra1 38. Nd4 Rxa3 39. Kd2 a6 0-1

[Event "Sparkassen-Open A"]
[Site "Heusenstamm, Martinsee"]
[Date "2023.11.26"]
[Round "7.53"]
[White "Thomas, Tobias"]
[Black "Dorfner, Jeremias"]
[Result "1-0"]
[WhiteElo "1923"]
[BlackElo "1712"]
[PlyCount "85"]
[EventDate "2023.??.??"]
[WhiteTeam "SK Langen"]
[BlackTeam "TV-Großostheim 1900 e.V."]

1. e4 c6 2. Nc3 d5 3. Nf3 dxe4 4. Nxe4 Nf6 5. Qe2 Nxe4 6. Qxe4 Qd5 7. Qf4 Qf5 8. Qe3 Qe6 9. b3 Qxe3+ 10. fxe3 Bf5 11. d3 h6 12. Bb2 Nd7 13. O-O-O Nf6 14. h3 h5 15. Be2 h4 16. Rhf1 e6 17. e4 Bg6 18. Ne5 Bh5 19. Ng4 Nxg4 20. hxg4 Bg6 21. Rh1 Rh7 22. Bd4 Be7 23. Rh3 Bg5+ 24. Kb1 a6 25. Bb6 Kd7 26. Bf3 Bf4 27. Bf2 Bg5 28. a4 f5 29. gxf5 exf5 30. e5 Bf7 31. d4 Be7 32. c4 g5 33. d5 cxd5 34. Bxd5 Bxd5 35. cxd5 g4 36. e6+ Ke8 37. Rhh1 Bd6 38. Rxh4 Rxh4 39. Bxh4 Be7 40. Bg3 Bf6 41. d6 b5 42. a5 Ra7 43. d7+ 1-0

[Event "Sparkassen-Open A"]
[Site "Heusenstamm, Martinsee"]
[Date "2023.11.26"]
[Round "7.54"]
[White "Weiss, Matthias"]
[Black "Füssel, Jan Michael"]
[Result "1-0"]
[WhiteElo "1983"]
[BlackElo "1720"]
[PlyCount "49"]
[EventDate "2023.??.??"]
[WhiteTeam "SF Schöneck"]
[BlackTeam "SV Wersten 1964 e. V."]

1. e4 c5 2. Nf3 Nc6 3. Bb5 d6 4. O-O Bd7 5. Re1 e5 6. c3 Nge7 7. d4 Qb6 8. Bxc6 Nxc6 9. d5 Ne7 10. c4 h6 11. Nc3 f5 12. Rb1 O-O-O 13. a3 f4 14. b4 g5 15. Re2 Ng6 16. Reb2 Qa6 17. b5 Qa5 18. Bd2 Qb6 19. Na4 Qc7 20. b6 Qb8 21. bxa7 Qxa7 22. Rxb7 Bxa4 23. Rxa7 Bxd1 24. Ba5 Re8 25. Rc7+ 1-0

[Event "Sparkassen-Open A"]
[Site "Heusenstamm, Martinsee"]
[Date "2023.11.26"]
[Round "7.55"]
[White "Cors, Heinz-Friedrich"]
[Black "Poetsch, Leonore"]
[Result "1/2-1/2"]
[WhiteElo "1841"]
[BlackElo "1957"]
[Annotator "Cors,Heinz-Friedrich"]
[PlyCount "134"]
[EventDate "2023.??.??"]
[WhiteTeam "Schachforum Darmstadt 1994"]
[BlackTeam "VSG 1880 Offenbach"]

1. c4 {Cors,Heinz-Friedrich} c6 2. e4 d5 3. exd5 cxd5 4. d4 Nc6 5. Nc3 dxc4 6. Be3 Nf6 7. Bxc4 e6 8. Nf3 Be7 9. O-O O-O 10. Rc1 Bd7 11. a3 Rc8 12. Ba2 Qa5 13. d5 $146 {(=)} exd5 14. Nxd5 Nxd5 15. Qxd5 Qxd5 16. Bxd5 Bf6 17. Rfd1 Rfd8 18. Bg5 Be6 19. Bxe6 fxe6 20. Bxf6 gxf6 21. Kf1 Kf7 22. Ke2 e5 23. Rxd8 Rxd8 24. Rd1 Rxd1 25. Kxd1 Ke6 26. Ke2 Kd5 27. Nd2 f5 28. f3 h5 29. Nf1 Nd4+ 30. Kd3 a5 31. Ne3+ Kc5 32. Nf1 a4 33. h4 Ne6 34. Ne3 Nf4+ 35. Kd2 b5 $4 36. g3 Ne6 37. Nxf5 Kc4 38. Kc2 b4 39. axb4 Kxb4 40. g4 e4 41. fxe4 hxg4 42. h5 Ng5 43. h6 Nh7 44. e5 {Hier gewinnt auch 44.Kd3, nur muss man die beidseitigen Damenumwandlungen genau berechenen.} (44. Kd3 Kb3 45. e5 Kxb2 46. e6 a3 47. e7 a2 48. e8=Q a1=Q 49. Qb5+ Kc1 50. Qc5+ Kb2 51. Qb4+ Ka2 52. Kc2 $1) 44... Kc5 45. Kc3 $2 {Ein Sicherheitszug, der mich die Partie kostet.} (45. e6 $3 g3 46. e7 {Hier kann man auch den Bauern schlagen, und dann mit dem a-Bauern gewinnen.} g2 47. e8=Q g1=Q 48. Qe5+ Kb6 49. Nd4 Qg6+ 50. Kc3 Kb7 51. Ne6 Nf6 52. Kb4 {mit Gewinn.}) 45... Kd5 46. Ne3+ Kxe5 47. Nxg4+ Kf5 48. Ne3+ (48. Kb4 Kxg4 49. Kxa4 Kg5 50. b4 Kxh6 51. b5 Nf8 52. b6 Nd7 53. b7) 48... Kg5 49. Kb4 Kxh6 50. Kxa4 Kg6 51. b4 Nf8 52. Kb5 Kf7 53. Kc6 Ke8 54. b5 Nd7 55. Nd5 Kd8 56. Nb6 Ne5+ 57. Kd5 Kc7 58. Nc4 Nxc4 59. Kxc4 Kb6 60. Kb4 Kb7 61. Kc5 Kc7 62. Kc4 Kb6 63. Kb4 Kb7 64. Kc5 Kc7 65. b6+ Kb7 66. Kb5 Kb8 67. Ka6 Ka8 1/2-1/2

[Event "Sparkassen-Open A"]
[Site "Heusenstamm, Martinsee"]
[Date "2023.11.26"]
[Round "7.56"]
[White "Klein, Levent"]
[Black "Heppert, Lars"]
[Result "1/2-1/2"]
[WhiteElo "1607"]
[BlackElo "1943"]
[PlyCount "40"]
[EventDate "2023.??.??"]
[WhiteTeam "SG Kaiserslautern 1905"]
[BlackTeam "SK Neuburg"]

1. d4 d5 2. c4 e6 3. Nf3 a6 4. Nc3 Nc6 5. Bf4 Nf6 6. e3 Bd6 7. Bxd6 Qxd6 8. Qc2 O-O 9. cxd5 exd5 10. a3 Re8 11. Be2 Bg4 12. O-O Ne4 13. Rfe1 Bxf3 14. Bxf3 f5 15. Qb3 Ne7 16. Nxe4 fxe4 17. Bxe4 Kh8 18. Bf3 c6 19. Qc2 Ng6 20. Qc5 Qf6 1/2-1/2

[Event "Sparkassen-Open A"]
[Site "Heusenstamm, Martinsee"]
[Date "2023.11.26"]
[Round "7.57"]
[White "Moldenhauer, Lennart"]
[Black "Piepenhagen, Eric"]
[Result "0-1"]
[WhiteElo "1569"]
[BlackElo "1838"]
[PlyCount "50"]
[EventDate "2023.??.??"]
[WhiteTeam "SV Oberursel"]
[BlackTeam "Niendorfer TSV 1919 SAbt"]

1. e4 c5 2. a3 e6 3. b4 cxb4 4. axb4 Bxb4 5. Bb2 Nf6 6. e5 Nd5 7. c4 Nb6 8. Ra3 d5 9. exd6 Bxd6 10. Qg4 Rg8 11. Rd3 Qe7 12. Nc3 f5 13. Qh3 Nxc4 14. Qxh7 Kf8 15. Ba1 Ne5 16. Rh3 Nbd7 17. Nf3 a6 18. d4 Nf6 19. Nxe5 Bxe5 20. Qh4 Bd6 21. Be2 b5 22. O-O Bb7 23. Re3 Nd5 24. Qxe7+ Kxe7 25. Bf3 Nxe3 0-1

[Event "Sparkassen-Open A"]
[Site "Heusenstamm, Martinsee"]
[Date "2023.11.26"]
[Round "7.58"]
[White "Baladjaev, Emin"]
[Black "Zargaran, Sepas"]
[Result "1-0"]
[WhiteElo "1927"]
[BlackElo "1558"]
[PlyCount "114"]
[EventDate "2023.??.??"]
[WhiteTeam "SAbt TuS Dotzheim"]
[BlackTeam "VSG 1880 Offenbach"]

1. e4 c5 2. Nf3 Nc6 3. d3 g6 4. h3 Bg7 5. c3 e6 6. Bf4 d5 7. Qc2 Nge7 8. Be2 O-O 9. Bh2 d4 10. a4 dxc3 11. bxc3 h6 12. O-O f5 13. Nbd2 f4 14. Nc4 g5 15. a5 Ng6 16. Rfb1 Nge5 17. Nfd2 Nxc4 18. Nxc4 Ne5 19. Nxe5 Bxe5 20. Kh1 Qc7 21. Bg4 f3 22. Bxe5 fxg2+ 23. Kxg2 Qxe5 24. Rb5 Qd6 25. Qe2 Rb8 26. Rab1 b6 27. c4 Bd7 28. R5b2 bxa5 29. Qd2 a4 30. Qa5 Rxb2 31. Rxb2 Qxd3 32. Qxc5 Qxe4+ 33. f3 Qg6 34. Qxa7 h5 35. Qxd7 hxg4 36. hxg4 Qf7 37. Qd3 Ra8 38. Qe4 Ra7 39. Qe5 Rb7 40. Qxg5+ Kh8 41. Ra2 Kh7 42. Qe5 Rb3 43. Qe4+ Qg6 44. Qxg6+ Kxg6 45. Rxa4 Rc3 46. Ra6 Kf6 47. Rc6 Ke7 48. g5 Kd7 49. Rc5 Kd6 50. g6 Rc2+ 51. Kg3 Rc1 52. Rg5 Rg1+ 53. Kf4 e5+ 54. Kf5 Rf1 55. Rg3 Rh1 56. g7 Rh5+ 57. Kg6 Rh3 1-0

[Event "Sparkassen-Open A"]
[Site "Heusenstamm, Martinsee"]
[Date "2023.11.26"]
[Round "7.59"]
[White "Sreeramulu, Aarush"]
[Black "Ahrends, Norbert"]
[Result "1/2-1/2"]
[WhiteElo "1716"]
[BlackElo "1924"]
[PlyCount "73"]
[EventDate "2023.??.??"]
[WhiteTeam "SK Marburg 1931/72"]
[BlackTeam "SK 1980 Gernsheim"]

1. d4 d5 2. c4 c6 3. Nc3 Nf6 4. cxd5 cxd5 5. Bf4 e6 6. e3 a6 7. Bd3 Bd6 8. Bxd6 Qxd6 9. Nf3 Nc6 10. O-O O-O 11. a3 e5 12. dxe5 Nxe5 13. Be2 Be6 14. Qd4 Ng6 15. Rfd1 Rad8 16. h3 Rfe8 17. Rac1 Ne7 18. Qd2 Ng6 19. Qd4 Ne7 20. Qd2 Nc6 21. Nd4 Ne5 22. Nf3 Qb8 23. Nxe5 Qxe5 24. Qd4 Qg5 25. Kh2 Rb8 26. Bf3 Red8 27. e4 Nxe4 28. Nxe4 dxe4 29. Qxe4 Re8 30. Qb4 b6 31. Rc6 a5 32. Qd4 b5 33. Rc5 Qe7 34. Qd6 Qh4 35. Qd4 Qe7 36. Qd6 Qh4 37. Qd4 1/2-1/2

[Event "Sparkassen-Open A"]
[Site "Heusenstamm, Martinsee"]
[Date "2023.11.26"]
[Round "7.60"]
[White "Mohr, Alwin"]
[Black "Derr, Oleg"]
[Result "0-1"]
[WhiteElo "1614"]
[BlackElo "1808"]
[PlyCount "38"]
[EventDate "2023.??.??"]
[WhiteTeam "SV Oberursel"]
[BlackTeam "VSG 1880 Offenbach"]

1. e4 Nf6 2. e5 Nd5 3. Nc3 e6 4. Nf3 d6 5. exd6 Bxd6 6. Ne4 O-O 7. Nxd6 Qxd6 8. d4 c5 9. dxc5 Qxc5 10. Bd3 h6 11. O-O Nc6 12. a3 a5 13. c4 Nf6 14. b4 Qh5 15. b5 Ne5 16. Be2 Nfg4 17. h3 Nxf3+ 18. Bxf3 Qe5 19. Bd2 Qh2# 0-1

[Event "Sparkassen-Open A"]
[Site "Heusenstamm, Martinsee"]
[Date "2023.11.26"]
[Round "7.61"]
[White "Kulenovic, Adnan"]
[Black "Arne, Jonas"]
[Result "1-0"]
[WhiteElo "1907"]
[BlackElo "1432"]
[PlyCount "116"]
[EventDate "2023.??.??"]
[WhiteTeam "SC Springer Rodenbach"]
[BlackTeam "SG Kaiserslautern 1905"]

1. c4 b6 2. e4 Bb7 3. Nc3 c5 4. Nf3 Nc6 5. g3 g6 6. Bg2 Bg7 7. O-O e6 8. a3 a6 9. d3 Nge7 10. Bg5 h6 11. Be3 O-O 12. d4 cxd4 13. Nxd4 Rc8 14. Nxc6 Nxc6 15. Qd2 Na5 16. Rad1 Nxc4 17. Qxd7 Nxe3 18. fxe3 Qxd7 19. Rxd7 Ba8 20. Rd3 Bxc3 21. bxc3 Rc4 22. Rb1 b5 23. Rb4 Rfc8 24. Rxc4 bxc4 25. Rd4 e5 26. Rd6 Bc6 27. Bf1 Bb5 28. Rd5 f6 29. Bh3 Rc6 30. a4 Rb6 31. axb5 axb5 32. Bd7 b4 33. cxb4 Rxb4 34. Rc5 c3 35. Rxc3 Rxe4 36. Be6+ Kg7 37. Kf2 f5 38. Rc4 Rxc4 39. Bxc4 Kf6 40. h4 e4 41. Ke2 g5 42. Kf2 Ke5 43. hxg5 hxg5 44. Ba6 Ke6 45. Ke2 Ke5 46. Kd2 f4 47. g4 Kd5 48. Bb5 Kc5 49. Be2 Kd5 50. Bd1 Kc4 51. Bc2 Kd5 52. Bb3+ Kd6 53. Bc4 Ke5 54. Be2 Kd6 55. Kc3 Kd5 56. Bf1 Ke5 57. Kc4 fxe3 58. Be2 Kf4 1-0

[Event "Sparkassen-Open A"]
[Site "Heusenstamm, Martinsee"]
[Date "2023.11.26"]
[Round "7.62"]
[White "Stümer, Paul"]
[Black "Rödel, Jannis"]
[Result "1-0"]
[WhiteElo "2115"]
[BlackElo "1773"]
[PlyCount "73"]
[EventDate "2023.??.??"]
[WhiteTeam "SV Bergneustadt/Dersch"]
[BlackTeam "SVG CAISSA Kassel"]

1. Nf3 Nf6 2. d4 g6 3. c4 Bg7 4. Nc3 O-O 5. e3 d6 6. Be2 Nbd7 7. O-O e5 8. Qc2 exd4 9. exd4 Re8 10. h3 d5 11. cxd5 Nb6 12. Bb5 Bd7 13. Bxd7 Qxd7 14. Ne5 Qd6 15. Nb5 Qb4 16. a4 Nfxd5 17. Bd2 Qe7 18. a5 Nc8 19. a6 Nd6 20. axb7 Nxb7 21. Nc6 Qd7 22. Rxa7 Rxa7 23. Nbxa7 Re6 24. Rc1 Nd6 25. Re1 Rxe1+ 26. Bxe1 Qe6 27. Ba5 Bh6 28. Qd3 Nf4 29. Qf3 Nf5 30. Bb4 Nh4 31. Ne7+ Kg7 32. Qa8 Nhxg2 33. Qg8+ Kf6 34. Qc8 Qc4 35. Ng8+ Kg7 36. Qf8+ Kh8 37. Nxh6# 1-0

[Event "Sparkassen-Open A"]
[Site "Heusenstamm, Martinsee"]
[Date "2023.11.26"]
[Round "7.63"]
[White "Senatov, Boris"]
[Black "Buchinger, Alexis"]
[Result "1/2-1/2"]
[WhiteElo "1822"]
[BlackElo "1841"]
[PlyCount "139"]
[EventDate "2023.??.??"]
[WhiteTeam "SC Heusenstamm"]
[BlackTeam "SF Neuberg"]

1. e4 e5 2. Nf3 Nc6 3. Bb5 Nf6 4. O-O Nxe4 5. d4 Nd6 6. Bxc6 dxc6 7. dxe5 Nf5 8. Qxd8+ Kxd8 9. Rd1+ Ke8 10. Nc3 Be7 11. h3 Bd7 12. b3 Rd8 13. Ne4 h6 14. Bb2 Be6 15. g4 Nh4 16. Nxh4 Bxh4 17. Nc5 Bc8 18. f4 Be7 19. Ne4 h5 20. Rxd8+ Kxd8 21. Rd1+ Ke8 22. f5 hxg4 23. hxg4 Rh4 24. Nf2 Bc5 25. Bd4 Bxd4 26. Rxd4 Bxf5 27. Ra4 Bc8 28. Rxa7 Kd7 29. Ra4 Ke6 30. Rf4 g5 31. Re4 b6 32. Kg2 c5 33. Kg3 Rh8 34. Re2 Bb7 35. Nh3 Rg8 36. Nf2 Bc6 37. c4 Rd8 38. Re3 Rd2 39. a4 Rb2 40. Nd1 Rb1 41. Nf2 Rg1+ 42. Kh3 Ra1 43. Kg3 Ra3 44. Nd1 Ra2 45. Nf2 Rd2 46. Re1 Rd4 47. Re3 Rd2 48. Re1 Bb7 49. Re3 Rb2 50. Nd1 Rg2+ 51. Kh3 Rd2 52. Nc3 Bc6 53. Kg3 Rg2+ 54. Kh3 Rf2 55. Kg3 Rf4 56. Nb5 Bxb5 57. axb5 Rd4 58. Kf3 Rd8 59. Kg3 Rc8 60. Kf3 Rh8 61. Kg3 Ra8 62. Kf3 Rc8 63. Ke4 Rh8 64. Rf3 Rh6 65. Rf5 Rg6 66. Rf3 Rh6 67. Rf5 Rg6 68. Rf2 Rh6 69. Rf5 Rg6 70. Rf3 1/2-1/2

[Event "Sparkassen-Open A"]
[Site "Heusenstamm, Martinsee"]
[Date "2023.11.26"]
[Round "7.65"]
[White "von Wahden, Jens"]
[Black "Mandalka, Justus"]
[Result "1-0"]
[WhiteElo "1904"]
[BlackElo "1751"]
[PlyCount "119"]
[EventDate "2023.??.??"]
[WhiteTeam "SV Oberursel"]
[BlackTeam "SK Bad Homburg 1927"]

1. d4 d5 2. c4 e6 3. Nc3 c5 4. cxd5 exd5 5. Nf3 Nc6 6. g3 Nf6 7. Bg2 Bf5 8. O-O Rc8 9. Bg5 cxd4 10. Nxd4 Nxd4 11. Qxd4 Be7 12. Qxa7 O-O 13. Qd4 h6 14. Bxf6 Bxf6 15. Qxd5 Bxc3 16. bxc3 Qxd5 17. Bxd5 Rxc3 18. Rfc1 Rxc1+ 19. Rxc1 Re8 20. Rc7 Be6 21. e4 Bxd5 22. exd5 Rd8 23. Rxb7 Rxd5 24. a4 Ra5 25. Rb4 Kf8 26. h4 Ke7 27. g4 g5 28. h5 Ra6 29. f3 f5 30. Kf2 fxg4 31. fxg4 Kd6 32. Ke3 Kc5 33. Re4 Kd5 34. Kd3 Ra7 35. Rd4+ Ke5 36. Kc3 Ra8 37. Rc4 Kd5 38. Rd4+ Ke5 39. Rb4 Kd5 40. Kb3 Ra6 41. Rb5+ Ke4 42. Rb4+ Kf3 43. Kc4 Ra5 44. Kb3 Ra6 45. Rc4 Rb6+ 46. Ka3 Rb1 47. a5 Kg3 48. Ka4 Rb2 49. a6 Rb8 50. Ka5 Ra8 51. Kb6 Rb8+ 52. Kc7 Ra8 53. Kb7 Rf8 54. a7 Rf7+ 55. Kb8 Rf8+ 56. Rc8 Rxc8+ 57. Kxc8 Kxg4 58. a8=Q Kxh5 59. Kd7 g4 60. Ke6 1-0

[Event "Sparkassen-Open A"]
[Site "Heusenstamm, Martinsee"]
[Date "2023.11.26"]
[Round "7.66"]
[White "Werner, Tom"]
[Black "Woods, Yannick"]
[Result "0-1"]
[WhiteElo "1822"]
[BlackElo "1801"]
[PlyCount "82"]
[EventDate "2023.??.??"]
[WhiteTeam "VSG 1880 Offenbach"]
[BlackTeam "Sligo Chess Club"]

1. c4 e6 2. Nc3 c5 3. Nf3 Nc6 4. g3 d6 5. Bg2 g6 6. d4 cxd4 7. Nxd4 Ne5 8. f4 Nd7 9. Ndb5 Ndf6 10. e4 a6 11. Na3 Qc7 12. Be3 Nd7 13. O-O Ngf6 14. f5 Be7 15. fxe6 fxe6 16. Qe2 O-O 17. Bg5 Ne5 18. Rf4 Ned7 19. Bh6 Rf7 20. Raf1 e5 21. R4f2 Qd8 22. Nd5 b6 23. Bh3 Nc5 24. Bxc8 Rxc8 25. Nxf6+ Rxf6 26. Rxf6 Bxf6 27. Qg4 Qd7 28. Qxd7 Nxd7 29. Be3 Be7 30. Rd1 Kf7 31. Kg2 Ke6 32. g4 Nf6 33. Kf3 Rf8 34. g5 Nd5+ 35. Ke2 Nxe3 36. Kxe3 Bxg5+ 37. Kd3 Rf3+ 38. Kc2 Re3 39. b3 Rxe4 40. Nb1 Re2+ 41. Kd3 Rxa2 0-1

[Event "Sparkassen-Open A"]
[Site "Heusenstamm, Martinsee"]
[Date "2023.11.26"]
[Round "7.67"]
[White "Auge, Hendrik"]
[Black "Mester, Philipp"]
[Result "0-1"]
[WhiteElo "1820"]
[BlackElo "1806"]
[PlyCount "118"]
[EventDate "2023.??.??"]
[WhiteTeam "FC Bayern München e.V."]
[BlackTeam "SVG CAISSA Kassel"]

1. e4 e5 2. Nf3 Nc6 3. Nc3 Nf6 4. d4 exd4 5. Nxd4 Bb4 6. Nxc6 bxc6 7. Bd3 O-O 8. O-O d5 9. exd5 cxd5 10. h3 h6 11. Qf3 Re8 12. Bf4 c6 13. a3 Bd6 14. Rfe1 Be6 15. Bxd6 Qxd6 16. Qg3 Qxg3 17. fxg3 Nd7 18. Na4 f6 19. Bg6 Bf7 20. Bxf7+ Kxf7 21. Kf2 Rad8 22. Rxe8 Rxe8 23. Re1 Re5 24. Re3 d4 25. Rd3 Rd5 26. b3 Ke6 27. Ke2 c5 28. Nb2 Ne5 29. Rd1 Rd6 30. Re1 Kd5 31. Kd2 Ra6 32. a4 c4 33. Nxc4 Nxc4+ 34. bxc4+ Kxc4 35. Ra1 Ra5 36. Ra2 Re5 37. Ra3 Ra5 38. Ke2 Rg5 39. g4 a5 40. Rb3 Re5+ 41. Kd2 Re3 42. Rb5 Re5 43. Rb7 Rg5 44. Rb3 h5 45. g3 hxg4 46. h4 Rf5 47. Rb7 Rf2+ 48. Kd1 Rf3 49. Rxg7 Rxg3 50. h5 Rh3 51. Rxg4 Rxh5 52. Rf4 f5 53. Rf3 Kd5 54. Rb3 Ke4 55. Rb5 Rh1+ 56. Kd2 f4 57. Rb7 Rh2+ 58. Kd1 Rh1+ 59. Kd2 Ra1 0-1

[Event "Sparkassen-Open A"]
[Site "Heusenstamm, Martinsee"]
[Date "2023.11.26"]
[Round "7.68"]
[White "Werner, Rosalie"]
[Black "Nagel, Matthias"]
[Result "1-0"]
[WhiteElo "1687"]
[BlackElo "1893"]
[PlyCount "81"]
[EventDate "2023.??.??"]
[WhiteTeam "VSG 1880 Offenbach"]
[BlackTeam "SV 1920 Kelsterbach"]

1. e4 c5 2. Nf3 Nc6 3. d4 cxd4 4. Nxd4 e5 5. Nb5 d6 6. c4 Be6 7. N1c3 a6 8. Na3 Rc8 9. b3 Nf6 10. Nc2 Be7 11. Be2 O-O 12. O-O Ne8 13. Ne3 Nd4 14. Bb2 f5 15. exf5 Nxf5 16. Nxf5 Rxf5 17. Bg4 Rf6 18. Bxe6+ Rxe6 19. Ne4 Nc7 20. Qd3 Qf8 21. Rad1 Rg6 22. Kh1 Kh8 23. Ba3 Ne6 24. Bxd6 Rd8 25. Bxe7 Qxe7 26. Qe3 Nd4 27. Ng3 Re6 28. Qe4 Rf8 29. Rfe1 Nc6 30. f3 Qc7 31. Qd5 Re7 32. Qd6 Qa5 33. a4 Rd8 34. Qa3 Rde8 35. Nf5 Rd7 36. Qc1 Rc7 37. Re4 Rf8 38. Ne3 Rcf7 39. Ng4 Qb4 40. Qb2 Rd7 41. Rxd7 1-0